000 00291nam a22001337a 4500
008 170823b xxu||||| |||| 00| 0 eng d
020 _a9780201510355
041 _aeng
080 _a51
100 _a38
101 _aMAT
245 _aANALYSIS ON MANIFOLDS
_cMUNKRES,J.R
942 _2udc
_cBK
999 _c24727
_d24727